| 000 | 00000nam##2200000za#4500 |
| 001 | 9.615860 |
| 003 | CaOODSP |
| 005 | 20210615101321 |
| 007 | ta |
| 008 | 150406|2001||||xxc||||| f|0| 0 eng|d |
| 020 | |a0-662-31488-3 |
| 040 | |aCaOODSP|beng |
| 043 | |an-cn--- |
| 086 | 1 |aNH18-23/77E |
| 110 | 2 |aCanada Mortgage and Housing Corporation. |
| 245 | 10|aHousing the boom, bust and echo generations |
| 260 | |aOttawa - Ontario : |bCanada Mortgage and Housing Corporation |c2001. |
| 300 | |a5p. : |bgraphs ; |c28 cm. |
| 490 | 1 |aResearch highlight. Socio-economic series |v77 |
| 563 | |aPamphlet |
| 590 | |a01-51|b2001-12-28 |
| 690 | 07|aBirth rate|2gcpds |
| 690 | 07|aHousing|2gcpds |
| 690 | 07|aMarkets|2gcpds |
| 775 | 08|tLogement des générations issues du baby-boom, de l'effondrement de la natalité et de l'écho du baby-boom |w(CaOODSP)9.625865 |
| 776 | 0#|tHousing the boom, bust and echo generations |w(CaOODSP)9.571756 |
| 830 | #0|aResearch highlight. Socio-economic series ;|v77|w(CaOODSP)9.514827 |
| 986 | |aNHA 60975 |